[Event "Havana Province-ch final 1st Cat"]
[Site "San Nicolas de Bari"]
[Date "2009.10.09"]
[Round "6"]
[White "Olivares Canelles, Francisco"]
[Black "Montes De Oca Espinosa, Gustavo"]
[Result "1/2-1/2"]
[WhiteElo "2358"]
[BlackElo "2225"]
[PlyCount "114"]
[EventDate "2009.10.05"]
[EventType "tourn"]
[EventRounds "11"]
[EventCountry "CUB"]
[SourceTitle "EXT 2019"]
[Source "ChessBase"]
[SourceDate "2018.10.10"]
[SourceVersion "1"]
[SourceVersionDate "2018.10.10"]
[SourceQuality "1"]

1. d4 Nf6 2. c4 c5 3. d5 d6 4. Nc3 g6 5. e4 Bg7 6. f3 0-0 7. Be3 Na6 8. Qd2 Re8 9. Nge2 Rb8 10. h4 Qa5 11. h5 Nxh5 12. g4 Nf6 13. Ng3 b5 14. cxb5 Nc7 15. Qh2 Nxb5 16. Bxb5 Rxb5 17. Rc1 Bxg4 18. fxg4 Nxg4 19. Qxh7+ Kf8 20. Bd2 Rxb2 21. Nge2 e6 22. Rf1 exd5 23. Nf4 Ne5 24. Nxg6+ Nxg6 25. Qxg6 Re7 26. Qxd6 Rxd2 27. Kxd2 d4 28. Ke2 dxc3 29. Rcd1 Qxa2+ 30. Kf3 f5 31. Qg6 Qh2 32. Qg3 Qh5+ 33. Kg2 Qe2+ 34. Kh3 Qh5+ 35. Qh4 Qxh4+ 36. Kxh4 Bf6+ 37. Kh5 Rxe4 38. Kg6 Ke7 39. Ra1 Bd4 40. Kxf5 Re2 41. Rfe1 Rxe1 42. Rxe1+ Kd6 43. Ke4 Kc6 44. Rh1 a5 45. Rh6+ Kb5 46. Kd3 a4 47. Rh7 c2 48. Kxc2 a3 49. Kb3 Bb2 50. Rb7+ Kc6 51. Ra7 Kb6 52. Ra8 Kb5 53. Rb8+ Kc6 54. Ra8 Kb5 55. Ra4 Bc1 56. Rc4 Bb2 57. Ra4 Bc1 1/2-1/2